| 000 | 00420nam a22001097a 4500 | ||
|---|---|---|---|
| 020 | _a9781138602601 | ||
| 082 |
_a621.381 _bELE |
||
| 245 |
_aElectronic engineering : _bproceedings of the 4th international conference of electronic engineering and information science (ICEEIS 2017), January 7-8, 2017 / _cEditor: Dongxing Wang |
||
| 260 |
_aBoca Raton : _bCRC Press, _c2018. |
||
| 300 |
_a254 p. ; _c25 cm. |
||
| 942 |
_2ddc _cBK |
||
| 999 |
_c591600 _d591600 |
||